| 000 | 00570nam a2200157 a 4500 | ||
|---|---|---|---|
| 008 | 120416s1977 ||||||||||||||||| || u | ||
| 050 | _aHD 20.7 Fra | ||
| 100 | _aFrazer, J. Ronald | ||
| 245 | 1 | 0 | _aIntroduction to business simulation |
| 260 |
_aRoston _bReston Publishing Company _c[1977] |
||
| 300 | _axi, 131p. : ill. | ||
| 350 | _a0.00 | ||
| 650 | 0 | _aMANAGEMENT | |
| 650 | _aBUSINESS MANAGEMENT--SIMULATION | ||
| 995 |
_D0.00 _FCBU-MAIN LIBRARY (Kitwe) _H1 _I0.00 _M1 _UAVAILABLE _ZAnnex Low-Usage Collection |
||
| 999 |
_c47642 _d47642 |
||